| 000 | 00359nam a22001457a 4500 | ||
|---|---|---|---|
| 999 |
_c524206 _d524206 |
||
| 020 | _a9787807696131 | ||
| 040 | _cNUST | ||
| 082 |
_a330.951 _bDAN |
||
| 100 |
_aDanli Wang _915022 |
||
| 245 | _aTrends in China; Economic system reform | ||
| 260 |
_aChina _bBeijing times chinese press _c2014 |
||
| 300 | _aill,179,P,: | ||
| 500 | _aP.B | ||
| 942 |
_2ddc _cBK |
||